El activo fijo: normativa financiera nacional e internacional y tributaria

Saved in:
書目詳細資料
Main Authors: Ruiz Rojas, Víctor Hugo (Author), Alvear Vega, Sandra (Author)
格式: 圖書
語言:西班牙语
出版: Santiago LegalPublishing 2010
版:2a. ed
主題:
標簽: 添加標簽
沒有標簽, 成為第一個標記此記錄!

MARC

LEADER 00000nam a2200000 a 4500
001 UCG5174
003 CL-VaPUC
008 110113e20100000CL |||||||||||||||||spa|d
020 |a 9789562388610 
082 0 4 |a 657.73  |b RUI  |2 21 
100 0 |a Ruiz Rojas, Víctor Hugo  |e author  |9 554760 
700 0 |a Alvear Vega, Sandra  |e author  |9 554761 
245 1 3 |a El activo fijo: normativa financiera nacional e internacional y tributaria 
250 |a 2a. ed 
300 |a 164 p 
942 |c BK 
945 |d 20110113 00:00:00  |a cmena 
260 |a Santiago  |b LegalPublishing  |c 2010 
650 0 |a Activos fijos  |x Contabilidad   |9 531946 
650 0 |a Contabilidad   |9 261430 
650 7 |a NORMAS INTERNACIONALES  |2 CL-VaPUC  |9 341712 
650 0 |a Teneduría de libros  |9 307201 
650 7 |a LEASING  |2 CL-VaPUC  |9 257941 
650 0 |a Impuesto a la renta  |9 258171 
583 |a last modification  |c 20180511 12:10:29  |k Rodrigo Vera 
999 |c 343743  |d 343741 
952 |0 0  |1 0  |4 0  |6 657_730000000000000_RUI_2010  |7 0  |8 R  |9 441266  |a BIBGIM  |b BIBGIM  |d 2019-11-22  |i 4749375  |o 657.73 RUI 2010  |p 4749375  |r 2025-01-15  |w 2019-11-22  |y BK_R  |k COM